<?xml version="1.0" encoding="UTF-8"?>
<collection xmlns:xsi="http://www.w3.org/2001/XMLSchema-instance" xsi:schemaLocation="http://www.loc.gov/MARC21/slim http://www.loc.gov/standards/marcxml/schema/MARC21slim.xsd" xmlns="http://www.loc.gov/MARC21/slim">
 <record>
  <leader>00000ctm a22000003i 4500</leader>
  <controlfield tag="001">UP-99796217613823924</controlfield>
  <controlfield tag="003">Buklod</controlfield>
  <controlfield tag="005">20230616092123.0</controlfield>
  <controlfield tag="006">t     r    |||| u|</controlfield>
  <controlfield tag="007">ta</controlfield>
  <controlfield tag="008">230616s2021    ph a   grm    0|0 0|eng |</controlfield>
  <datafield tag="035" ind1=" " ind2=" ">
   <subfield code="a">(iLib)UPD-00527572344</subfield>
  </datafield>
  <datafield tag="040" ind1="0" ind2=" ">
   <subfield code="a">DCHE</subfield>
   <subfield code="e">rda</subfield>
  </datafield>
  <datafield tag="041" ind1="0" ind2=" ">
   <subfield code="a">eng</subfield>
  </datafield>
  <datafield tag="042" ind1=" " ind2=" ">
   <subfield code="a">DMLUC</subfield>
  </datafield>
  <datafield tag="090" ind1="0" ind2="0">
   <subfield code="a">LG 993.5 2021 F66</subfield>
   <subfield code="b">T34</subfield>
  </datafield>
  <datafield tag="100" ind1="1" ind2=" ">
   <subfield code="a">Tagle, Sofia Kamille F.</subfield>
   <subfield code="e">author.</subfield>
  </datafield>
  <datafield tag="245" ind1="1" ind2="0">
   <subfield code="a">Drivers of choice for dairy and plant-based milk alternatives in the Philippines</subfield>
   <subfield code="b">a rating-based conjoint analysis study</subfield>
   <subfield code="c">Sofia Kamille F. Tagle ; Maria Leonora dL. Francisco, adviser.</subfield>
  </datafield>
  <datafield tag="264" ind1=" " ind2="1">
   <subfield code="a">Quezon City</subfield>
   <subfield code="b">College of Home Economics, University of the Philippines Diliman</subfield>
   <subfield code="c">2021.</subfield>
  </datafield>
  <datafield tag="300" ind1=" " ind2=" ">
   <subfield code="a">91 leaves</subfield>
   <subfield code="b">illustrations (some color), tables</subfield>
   <subfield code="c">24 cm.</subfield>
  </datafield>
  <datafield tag="336" ind1=" " ind2=" ">
   <subfield code="a">text</subfield>
   <subfield code="2">rdacontent.</subfield>
  </datafield>
  <datafield tag="337" ind1=" " ind2=" ">
   <subfield code="a">unmediated</subfield>
   <subfield code="2">rdamedia.</subfield>
  </datafield>
  <datafield tag="338" ind1=" " ind2=" ">
   <subfield code="a">volume</subfield>
   <subfield code="2">rdacarrier.</subfield>
  </datafield>
  <datafield tag="500" ind1=" " ind2=" ">
   <subfield code="a">Thesis Classification: F</subfield>
  </datafield>
  <datafield tag="502" ind1=" " ind2=" ">
   <subfield code="a">Thesis</subfield>
   <subfield code="b">Bachelor of Science in Food Technology</subfield>
   <subfield code="c">University of the Philippines Diliman</subfield>
   <subfield code="d">June 2021.</subfield>
  </datafield>
  <datafield tag="504" ind1=" " ind2=" ">
   <subfield code="a">Includes bibliographical references and appendices.</subfield>
  </datafield>
  <datafield tag="506" ind1="0" ind2=" ">
   <subfield code="a">This thesis is available to the public.</subfield>
  </datafield>
  <datafield tag="520" ind1="0" ind2=" ">
   <subfield code="a">Dairy milk consumption has been declining in recent years while the demand for plant-based milk alternatives is growing in popularity worldwide. A more in-depth understanding of the attributes of dairy or plant-based milk that are attractive to Filipino consumers is needed to help improve current sales. This study aimed to understand the intrinsic and extrinsic product attributes that are important to Filipino consumers when purchasing dairy milk and plant-based milk through conjoint analysis. Secondly, the research aimed to give insight on possible marketing strategies to promote the product category in the Philippines. A total of 199 and 166 respondents participated in dairy milk and plant-based milk survey via conjoint analysis (CA), respectively. Rating-based CA showed that flavor, fat content, and price were the most important product attributes for dairy consumers. The most preferred combination of dairy attribute levels is unflavored whole milk with at least six months shelf-life at room temperature, high in calcium, and within a price range of ₱ 60-80/L. For plant-based milk, the type of sweetener, price, and plant source are the most important attributes for plant-based milk consumers. The most preferred combination for plant-based milk is soy milk, original or vanilla flavored, naturally sweetened, fortified with vitamin B2 and B12, and within the ₱ 60-120/L. Results also show that there were no significant association between environmental awareness and milk choice (p &gt; 0.05) but there was a significant association with health consciousness and milk choice (p &lt; 0.05). Majority of the respondents drink fluid milk for its flavor and health benefits, thus, highlighting creaminess and its good nutritional profile can be a good marketing strategy.</subfield>
  </datafield>
  <datafield tag="650" ind1=" " ind2="0">
   <subfield code="a">Milk consumption</subfield>
   <subfield code="z">Philippines.</subfield>
  </datafield>
  <datafield tag="700" ind1="1" ind2=" ">
   <subfield code="a">Francisco, Maria Leonora dL.</subfield>
   <subfield code="e">adviser.</subfield>
  </datafield>
  <datafield tag="842" ind1=" " ind2=" ">
   <subfield code="a">Thesis</subfield>
  </datafield>
  <datafield tag="905" ind1=" " ind2=" ">
   <subfield code="a">FI</subfield>
  </datafield>
  <datafield tag="905" ind1=" " ind2=" ">
   <subfield code="a">UP</subfield>
  </datafield>
  <datafield tag="950" ind1=" " ind2=" ">
   <subfield code="a">UPIANA</subfield>
  </datafield>
  <datafield tag="852" ind1="0" ind2=" ">
   <subfield code="a">UPD</subfield>
   <subfield code="b">DCHE</subfield>
   <subfield code="h">LG 993.5 2021 F66</subfield>
   <subfield code="i">T34</subfield>
  </datafield>
  <datafield tag="942" ind1=" " ind2=" ">
   <subfield code="a">Thesis</subfield>
  </datafield>
 </record>
</collection>
